[Event "FRA-chT1 1011"]
[Site "France"]
[Date "2010.11.13"]
[Round "2.4"]
[White "Moreno Gracia, Daniel"]
[Black "Therkildsen, Thomas"]
[Result "0-1"]
[WhiteElo "2283"]
[BlackElo "2289"]
[PlyCount "114"]
[EventDate "2010.10.17"]
[EventType "team-tourn"]
[EventRounds "11"]
[EventCountry "FRA"]
[SourceTitle "EXT 2012"]
[Source "ChessBase"]
[SourceDate "2011.11.24"]
[SourceVersion "1"]
[SourceVersionDate "2011.11.24"]
[SourceQuality "1"]

1. c4 c5 2. Nf3 Nc6 3. Nc3 g6 4. d4 cxd4 5. Nxd4 Bg7 6. Nc2 d6 7. Bd2 a6 8. e4 f5 9. exf5 Bxf5 10. Ne3 Nh6 11. Nxf5 Nxf5 12. Bd3 0-0 13. 0-0 Rc8 14. Be4 e6 15. Rc1 Bd4 16. Kh1 Rf7 17. Qe2 Qf6 18. Bxc6 bxc6 19. Ne4 Qe5 20. f4 Qg7 21. g4 d5 22. Ng5 Nd6 23. Nxf7 Qxf7 24. cxd5 exd5 25. Qxa6 Qd7 26. Qd3 Bxb2 27. Rb1 Bg7 28. f5 Ne4 29. Be3 c5 30. Rbd1 Nc3 31. Rd2 c4 32. Qc2 d4 33. f6 Qc6+ 34. Rg2 Bxf6 35. Bh6 Ne4 36. Qe2 d3 37. Qf3 g5 38. h4 gxh4 39. g5 Ng3+ 40. Rxg3 hxg3 41. gxf6 Kf7 42. Kg1 Qxf3 43. Rxf3 Ra8 44. Kg2 Rxa2+ 45. Kxg3 Ra6 46. Bg5 Rd6 47. Re3 Rxf6 48. Bxf6 d2 49. Bc3 d1Q 50. Rf3+ Ke6 51. Re3+ Kd5 52. Re5+ Kc6 53. Re6+ Kb5 54. Re5+ Ka4 55. Re3 h5 56. Be1 Qg4+ 57. Kh2 Qf4+ 0-1

[Event "Le Touquet op-A 24th"]
[Site "Le Touquet"]
[Date "2009.10.29"]
[Round "8"]
[White "Therkildsen, Thomas"]
[Black "Dehesdin, Wilfried"]
[Result "1-0"]
[WhiteElo "2306"]
[BlackElo "2138"]
[PlyCount "39"]
[EventDate "2009.10.24"]
[EventType "swiss"]
[EventRounds "9"]
[EventCountry "FRA"]
[SourceTitle "EXT 2010"]
[Source "ChessBase"]
[SourceDate "2010.11.25"]
[SourceVersion "1"]
[SourceVersionDate "2010.11.25"]
[SourceQuality "1"]

1. e4 d5 2. exd5 Nf6 3. d4 Bg4 4. Be2 Bxe2 5. Nxe2 Qxd5 6. 0-0 Nc6 7. Nbc3 Qf5 8. d5 Nb4 9. Nb5 0-0-0 10. c4 a6 11. Ned4 Qd3 12. Na7+ Kb8 13. Nac6+ bxc6 14. Nxc6+ Kc8 15. Nxd8 Kxd8 16. a3 Qxd1 17. Rxd1 Nc2 18. Ra2 Ne4 19. f3 Nd6 20. b3 1-0

[Event "FRA-chT2 0910"]
[Site "France"]
[Date "2009.10.18"]
[Round "3.3"]
[White "Cappon, John"]
[Black "Therkildsen, Thomas"]
[Result "0-1"]
[WhiteElo "2124"]
[BlackElo "2306"]
[PlyCount "112"]
[EventDate "2009.09.27"]
[EventType "team-tourn"]
[EventRounds "11"]
[EventCountry "FRA"]
[SourceTitle "EXT 2011"]
[Source "ChessBase"]
[SourceDate "2010.11.26"]
[SourceVersion "1"]
[SourceVersionDate "2010.11.26"]
[SourceQuality "1"]

1. e4 Nf6 2. e5 Nd5 3. d4 d6 4. Nf3 dxe5 5. Nxe5 c6 6. Bc4 Be6 7. Nd2 Nd7 8. Nd3 g6 9. 0-0 Bg7 10. c3 0-0 11. Re1 b5 12. Bb3 a5 13. a3 Nc7 14. Ne4 Re8 15. Bxe6 Nxe6 16. Qf3 Rc8 17. Be3 Nb6 18. Rad1 Qd5 19. Ndc5 Nc4 20. Nxe6 Qxe6 21. Bc1 Qd5 22. Qh3 Rb8 23. f4 b4 24. axb4 axb4 25. Qf3 e6 26. Qe2 Nd6 27. Nxd6 Qxd6 28. Be3 Ra8 29. c4 Ra2 30. Qc2 Qc7 31. Qb3 Qa5 32. Rd2 Qa4 33. Qd3 Rd8 34. Qe2 b3 35. Red1 Qb4 36. g3 Ra4 37. Rc1 h5 38. Kg2 Qb7 39. Qf3 Qa6 40. Qe2 Rb8 41. Rc3 Ra1 42. Bf2 Qa2 43. Rcd3 Rb1 44. h3 Rc1 45. f5 gxf5 46. d5 cxd5 47. cxd5 Qa8 48. Qxh5 Rc2 49. Qg5 Rd8 50. Bd4 Qxd5+ 51. Kg1 e5 52. Bxe5 Qc5+ 53. Rd4 f6 54. Bxf6 Rd7 55. Qg6 Rxd2 56. Bxg7 Qc1# 0-1

[Event "FRA-chT2 North 0809"]
[Site "France"]
[Date "2009.04.05"]
[Round "11.2"]
[White "Cathelineau, Didier"]
[Black "Therkildsen, Thomas"]
[Result "0-1"]
[WhiteElo "2211"]
[BlackElo "2310"]
[PlyCount "88"]
[EventDate "2008.10.19"]
[EventType "team-tourn"]
[EventRounds "11"]
[EventCountry "FRA"]
[SourceTitle "EXT 2010"]
[Source "ChessBase"]
[SourceDate "2010.11.25"]
[SourceVersion "1"]
[SourceVersionDate "2010.11.25"]
[SourceQuality "1"]
[WhiteTeam "Cergy Pontoise"]
[BlackTeam "Le Touquet"]
[WhiteTeamCountry "FRA"]
[BlackTeamCountry "FRA"]

1. d4 Nf6 2. c4 e6 3. Nf3 b6 4. a3 Bb7 5. Nc3 Be7 6. Qc2 c5 7. e4 cxd4 8. Nxd4 Bc5 9. Nb3 Nc6 10. Be2 Nd4 11. Nxd4 Bxd4 12. Bf3 Qb8 13. 0-0 0-0 14. Ne2 Be5 15. g3 Rc8 16. Bf4 d5 17. exd5 Bxd5 18. Bxd5 exd5 19. b3 dxc4 20. bxc4 b5 21. c5 Nd7 22. Qf5 Bxf4 23. Nxf4 Nxc5 24. Rfe1 Qb7 25. Nd5 Ne6 26. Rad1 Rd8 27. h4 h6 28. Rd3 Rd7 29. Red1 Rad8 30. h5 Kf8 31. Kh2 a5 32. f3 Ke8 33. Qe4 Kf8 34. Qf5 Qc6 35. f4 Qc2+ 36. Kh3 Rxd5 37. Qxd5 Rxd5 38. Rxd5 b4 39. axb4 axb4 40. R1d2 b3 41. R5d3 Qc1 42. Rd1 b2 43. f5 b1Q 44. Rxc1 Ng5+ 0-1

[Event "FRA-chT2 North 0809"]
[Site "France"]
[Date "2009.04.04"]
[Round "10.2"]
[White "Therkildsen, Thomas"]
[Black "Charmeteau, Sven"]
[Result "1-0"]
[WhiteElo "2310"]
[BlackElo "2157"]
[PlyCount "123"]
[EventDate "2008.10.19"]
[EventType "team-tourn"]
[EventRounds "11"]
[EventCountry "FRA"]
[SourceTitle "EXT 2010"]
[Source "ChessBase"]
[SourceDate "2010.11.25"]
[SourceVersion "1"]
[SourceVersionDate "2010.11.25"]
[SourceQuality "1"]
[WhiteTeam "Le Touquet"]
[BlackTeam "Gonfreville II"]
[WhiteTeamCountry "FRA"]
[BlackTeamCountry "FRA"]

1. e4 c5 2. c3 Nf6 3. e5 Nd5 4. d4 cxd4 5. Nf3 Nc6 6. cxd4 d6 7. Bc4 Nb6 8. Bb5 dxe5 9. Nxe5 Bd7 10. Nxd7 Qxd7 11. Nc3 e6 12. 0-0 Be7 13. Qg4 Bf6 14. Rd1 a6 15. Bxc6 Qxc6 16. Ne4 Nd5 17. Bf4 h5 18. Qf3 Be7 19. Be5 f6 20. Bf4 g5 21. Bd2 g4 22. Qe2 Qb5 23. Qe1 a5 24. Nc3 Nxc3 25. bxc3 Qc4 26. Qe4 Kf7 27. Qxb7 Rab8 28. Qe4 Rb2 29. a4 Ra2 30. Rxa2 Qxa2 31. Re1 f5 32. Qe5 Bf6 33. Qc7+ Kg6 34. Qf4 h4 35. h3 gxh3 36. gxh3 Rg8 37. Kh2 Kf7 38. Qc7+ Be7 39. Qc6 Rd8 40. Be3 Rd6 41. Qf3 Ke8 42. Bf4 Rb6 43. d5 Kd7 44. Re2 Qc4 45. dxe6+ Rxe6 46. Rd2+ Ke8 47. Qh5+ Kf8 48. Qh8+ Kf7 49. Qh7+ Kf6 50. Qxh4+ Kg6 51. Qh6+ Kf7 52. Qh7+ Kf6 53. Qh8+ Kf7 54. Be5 Qc6 55. Qg7+ Ke8 56. Qg8+ Bf8 57. Bd6 Rxd6 58. Re2+ Kd8 59. Qxf8+ Kc7 60. Re7+ Kb6 61. Qb8+ Kc5 62. Rc7 1-0

[Event "Le Touquet op-A"]
[Site "Le Touquet"]
[Date "2008.10.28"]
[Round "4"]
[White "Therkildsen, Thomas"]
[Black "Burton, Graham P"]
[Result "1/2-1/2"]
[WhiteElo "2327"]
[BlackElo "2087"]
[PlyCount "108"]
[EventDate "2008.10.25"]
[EventType "swiss"]
[EventRounds "9"]
[EventCountry "FRA"]
[SourceTitle "EXT 2009"]
[Source "ChessBase"]
[SourceDate "2008.11.26"]
[SourceVersion "1"]
[SourceVersionDate "2008.11.26"]
[SourceQuality "1"]

1. e4 c5 2. c3 Nf6 3. e5 Nd5 4. d4 cxd4 5. Nf3 e6 6. cxd4 d6 7. a3 Bd7 8. Bd3 Bc6 9. 0-0 Nd7 10. b4 a6 11. Bd2 Rc8 12. Qe2 dxe5 13. dxe5 Be7 14. Nd4 0-0 15. Qe4 g6 16. Nxc6 Rxc6 17. Ra2 f5 18. exf6 N7xf6 19. Qe2 Nh5 20. g3 Bg5 21. Rc2 Rd6 22. Bc4 Bxd2 23. Rxd2 Qf6 24. Re1 Rfd8 25. Qd1 Ng7 26. Qb3 Nf5 27. Red1 Nfe7 28. Nc3 Qf3 29. Rd3 Ne3 30. Rxe3 Rxd1+ 31. Nxd1 Rxd1+ 32. Bf1 Qd5 33. Qxd5 Nxd5 34. Rxe6 Kf7 35. Re5 b5 36. Kg2 Kf6 37. f4 g5 38. Be2 Rd2 39. Kf3 gxf4 40. gxf4 Nc3 41. Re3 Nd5 42. Rd3 Rxe2 43. Rxd5 Rxh2 44. Rd6+ Kf5 45. Rxa6 Rh3+ 46. Kg2 Rb3 47. Kf2 Kxf4 48. Ke2 h5 49. Kd2 h4 50. Kc2 Rg3 51. Kb2 h3 52. Rh6 Rg2+ 53. Kc3 Rg3+ 54. Kd4 Rxa3 1/2-1/2

[Event "Le Touquet op-A"]
[Site "Le Touquet"]
[Date "2008.10.26"]
[Round "2"]
[White "Therkildsen, Thomas"]
[Black "Larmuseau, Maarten"]
[Result "1-0"]
[WhiteElo "2327"]
[BlackElo "2071"]
[PlyCount "55"]
[EventDate "2008.10.25"]
[EventType "swiss"]
[EventRounds "9"]
[EventCountry "FRA"]
[SourceTitle "EXT 2009"]
[Source "ChessBase"]
[SourceDate "2008.11.26"]
[SourceVersion "1"]
[SourceVersionDate "2008.11.26"]
[SourceQuality "1"]

1. e4 d6 2. d4 g6 3. Nc3 Bg7 4. Be2 Nf6 5. g4 h5 6. g5 Nfd7 7. f4 c5 8. Be3 Nc6 9. Nf3 cxd4 10. Nxd4 Qa5 11. 0-0 Nxd4 12. Bxd4 Bxd4+ 13. Qxd4 Qc5 14. Rad1 a6 15. Nd5 Rb8 16. a4 b6 17. Nc7+ Kd8 18. Nxa6 Bxa6 19. Bxa6 Kc7 20. b4 Qxd4+ 21. Rxd4 h4 22. Rf3 Ra8 23. Rc3+ Kb8 24. Bb5 Ra7 25. e5 Nf8 26. Bc4 dxe5 27. Rd8+ Kc7 28. Be6+ 1-0

[Event "FRA-chT2 Nord 0708"]
[Site "France"]
[Date "2008.03.16"]
[Round "9.3"]
[White "Yordanov, Nikolay"]
[Black "Therkildsen, Thomas"]
[Result "0-1"]
[WhiteElo "2181"]
[BlackElo "2322"]
[PlyCount "70"]
[EventDate "2007.10.21"]
[EventType "team"]
[EventRounds "11"]
[EventCountry "FRA"]
[SourceTitle "EXT 2009"]
[Source "ChessBase"]
[SourceDate "2008.11.26"]
[SourceVersion "1"]
[SourceVersionDate "2008.11.26"]
[SourceQuality "1"]
[WhiteTeam "JEEN"]
[BlackTeam "Le Touquet"]
[WhiteTeamCountry "FRA"]
[BlackTeamCountry "FRA"]

1. e4 Nf6 2. d3 d5 3. e5 Nfd7 4. f4 c5 5. Nf3 Nc6 6. Be2 e6 7. 0-0 Be7 8. c3 0-0 9. Be3 f6 10. d4 Rb8 11. Nbd2 b5 12. Bd3 f5 13. g4 g6 14. h4 b4 15. Ng5 Bxg5 16. fxg5 bxc3 17. bxc3 Qa5 18. Rc1 cxd4 19. cxd4 Nb4 20. Bb1 Ba6 21. Rf2 Qb6 22. gxf5 exf5 23. Qf3 f4 24. Bxf4 Qxd4 25. Nb3 Qb6 26. Qe3 Qe6 27. Nd4 Qg4+ 28. Bg3 Rxf2 29. Kxf2 Rf8+ 30. Kg2 Nb6 31. Nf3 Nc4 32. Rxc4 Bxc4 33. e6 d4 34. Nxd4 Bd5+ 35. Kg1 Qh3 0-1

[Event "Le Touquet op 22nd"]
[Site "Le Touquet"]
[Date "2007.10.31"]
[Round "7"]
[White "Uhoda, Philippe"]
[Black "Therkildsen, Thomas"]
[Result "0-1"]
[WhiteElo "2111"]
[BlackElo "2298"]
[PlyCount "81"]
[EventDate "2007.10.27"]
[EventType "swiss"]
[EventRounds "9"]
[EventCountry "FRA"]
[SourceTitle "EXT 2008"]
[Source "ChessBase"]
[SourceDate "2007.11.25"]
[SourceVersion "1"]
[SourceVersionDate "2007.11.25"]
[SourceQuality "1"]

1. d4 Nf6 2. c4 Nc6 3. Nf3 e6 4. Nc3 Bb4 5. g3 0-0 6. Bg2 d6 7. 0-0 Bxc3 8. bxc3 Na5 9. Qd3 b6 10. Nd2 Rb8 11. Nb3 Ba6 12. Nxa5 bxa5 13. Bc6 Nd7 14. Ba3 Qc8 15. Rab1 Rxb1 16. Rxb1 Rd8 17. Qc2 Nb6 18. c5 Nc4 19. Bc1 dxc5 20. dxc5 Ne5 21. Bg2 Qd7 22. Bf4 Nc4 23. c6 Qe7 24. Rb7 Bxb7 25. cxb7 Nb6 26. c4 e5 27. Bd2 Qa3 28. c5 Nd7 29. Qd3 Qxd3 30. exd3 Nxc5 31. Bxa5 Ne6 32. f4 exf4 33. gxf4 g6 34. d4 Rb8 35. Bc6 Nxd4 36. Bxc7 Nxc6 37. Bxb8 Nxb8 38. Kf2 Kf8 39. Ke3 Ke7 40. Kd4 Kd6 41. h4 0-1

[Event "Le Touquet op 22nd"]
[Site "Le Touquet"]
[Date "2007.10.30"]
[Round "5"]
[White "Pytel, Krzysztof"]
[Black "Therkildsen, Thomas"]
[Result "1-0"]
[WhiteElo "2410"]
[BlackElo "2298"]
[PlyCount "77"]
[EventDate "2007.10.27"]
[EventType "swiss"]
[EventRounds "9"]
[EventCountry "FRA"]
[SourceTitle "EXT 2008"]
[Source "ChessBase"]
[SourceDate "2007.11.25"]
[SourceVersion "1"]
[SourceVersionDate "2007.11.25"]
[SourceQuality "1"]

1. d4 Nf6 2. Nf3 e6 3. g3 b6 4. Bg2 Bb7 5. c4 d5 6. Ne5 Bd6 7. Nc3 0-0 8. cxd5 exd5 9. 0-0 Nbd7 10. Nc4 Bb4 11. Ne3 c6 12. a3 Bd6 13. Nf5 Bc7 14. Bg5 h6 15. Bh4 Kh7 16. f4 g6 17. Ne3 Qb8 18. Bh3 Rg8 19. Qd2 Bc8 20. Rac1 Ne8 21. Qc2 f5 22. Ncd1 c5 23. Nxd5 Bd6 24. e4 Bb7 25. exf5 Bxd5 26. fxg6+ Rxg6 27. Bxd7 Ng7 28. Ne3 Qb7 29. Nxd5 Qxd5 30. f5 Qxd4+ 31. Qf2 Rg4 32. Rcd1 Qxf2+ 33. Rxf2 Rd4 34. Rxd4 cxd4 35. f6 Ne8 36. Bf5+ Kh8 37. f7 Ng7 38. Bd3 Rf8 39. Rf6 1-0

[Event "Le Touquet op 22nd"]
[Site "Le Touquet"]
[Date "2007.10.29"]
[Round "4"]
[White "Therkildsen, Thomas"]
[Black "Song, Julien"]
[Result "1-0"]
[WhiteElo "2298"]
[BlackElo "2111"]
[PlyCount "73"]
[EventDate "2007.10.27"]
[EventType "swiss"]
[EventRounds "9"]
[EventCountry "FRA"]
[SourceTitle "EXT 2008"]
[Source "ChessBase"]
[SourceDate "2007.11.25"]
[SourceVersion "1"]
[SourceVersionDate "2007.11.25"]
[SourceQuality "1"]

1. e4 e6 2. Nf3 d5 3. e5 Ne7 4. b4 Ng6 5. c3 Be7 6. d4 0-0 7. h4 Nd7 8. h5 Nh8 9. Bd3 f6 10. Qc2 f5 11. g4 Nb6 12. Rg1 Nf7 13. Bf4 Kh8 14. gxf5 exf5 15. Nbd2 a5 16. b5 Be6 17. Nf1 Qd7 18. Ne3 Nh6 19. Ng5 Nc4 20. Nxe6 Nxe3 21. Bxe3 Qxe6 22. Bf4 c5 23. bxc6 Rac8 24. cxb7 Rxc3 25. Qb1 Bb4 26. Bd2 Qe8 27. a3 Rxa3 28. Rxa3 Bxa3 29. Bxa5 Bd6 30. Qb5 Qe7 31. Kf1 Bb8 32. Bb4 Qc7 33. Qc5 Rf7 34. e6 Rf6 35. e7 Re6 36. Qxc7 Bxc7 37. Bb5 1-0

[Event "FRA-ch Accession"]
[Site "Aix les Bains"]
[Date "2007.08.24"]
[Round "11"]
[White "Therkildsen, Thomas"]
[Black "Demuth, Adrien"]
[Result "0-1"]
[WhiteElo "2310"]
[BlackElo "2193"]
[PlyCount "28"]
[EventDate "2007.08.13"]
[EventType "swiss"]
[EventRounds "11"]
[EventCountry "FRA"]
[SourceTitle "CBM 120 Extra"]
[Source "ChessBase"]
[SourceDate "2007.11.01"]
[SourceVersion "1"]
[SourceVersionDate "2007.11.01"]
[SourceQuality "1"]

1. e4 e5 2. Nf3 Nc6 3. Nc3 Nf6 4. Bb5 Nd4 5. Ba4 Bc5 6. 0-0 0-0 7. Nxe5 d6 8. Nf3 Bg4 9. Re1 Nd7 10. Bxd7 Qxd7 11. Nd5 f5 12. e5 dxe5 13. Ne3 Bxf3 14. gxf3 e4 0-1

[Event "FRA-ch Accession"]
[Site "Aix les Bains"]
[Date "2007.08.19"]
[Round "6"]
[White "Collas, Didier"]
[Black "Therkildsen, Thomas"]
[Result "1/2-1/2"]
[WhiteElo "2458"]
[BlackElo "2310"]
[PlyCount "120"]
[EventDate "2007.08.13"]
[EventType "swiss"]
[EventRounds "11"]
[EventCountry "FRA"]
[SourceTitle "CBM 120 Extra"]
[Source "ChessBase"]
[SourceDate "2007.11.01"]
[SourceVersion "1"]
[SourceVersionDate "2007.11.01"]
[SourceQuality "1"]

1. e4 Nf6 2. e5 Nd5 3. d4 d6 4. Nf3 dxe5 5. Nxe5 g6 6. Bc4 c6 7. 0-0 Bg7 8. Nd2 Be6 9. Ne4 Nc7 10. Be2 Bxe5 11. dxe5 Qd5 12. Qxd5 cxd5 13. Nc5 Bc8 14. Nb3 b6 15. Re1 Nc6 16. f4 Ba6 17. Bd1 0-0-0 18. c3 Ne6 19. Bf3 Bc4 20. g3 Bxb3 21. axb3 a5 22. Rd1 Nc7 23. Be3 Kb7 24. Kf2 e6 25. Be2 Rd7 26. g4 Rhd8 27. Bd4 Ra8 28. Ke3 Na6 29. Bd3 Nxd4 30. Kxd4 Nc5 31. Bc2 Rh8 32. h3 h5 33. Rh1 Rdd8 34. Ke3 Nd7 35. Kd4 Nb8 36. Ke3 Nc6 37. Rad1 g5 38. Kf3 Rdg8 39. Rde1 Kc7 40. Kg3 Rg7 41. Rhf1 hxg4 42. hxg4 gxf4+ 43. Rxf4 Rf8 44. Rf6 Kd8 45. Rh6 Rfg8 46. Bd1 Ne7 47. Rh5 Rg5 48. Reh1 R5g7 49. Kf4 Ng6+ 50. Ke3 Ke7 51. Rf1 Nf8 52. Kf4 Nd7 53. g5 Nb8 54. Be2 Rc8 55. Rd1 Nc6 56. Bb5 Na7 57. Bd3 Rd8 58. Be2 Nc6 59. Bb5 Na7 60. Be2 Nc6 1/2-1/2

[Event "FRA-ch Accession"]
[Site "Aix les Bains"]
[Date "2007.08.16"]
[Round "3"]
[White "Therkildsen, Thomas"]
[Black "Blum, Nicolas"]
[Result "1-0"]
[WhiteElo "2310"]
[BlackElo "2166"]
[PlyCount "39"]
[EventDate "2007.08.13"]
[EventType "swiss"]
[EventRounds "11"]
[EventCountry "FRA"]
[SourceTitle "CBM 120 Extra"]
[Source "ChessBase"]
[SourceDate "2007.11.01"]
[SourceVersion "1"]
[SourceVersionDate "2007.11.01"]
[SourceQuality "1"]

1. e4 c5 2. c3 Nf6 3. e5 Nd5 4. d4 cxd4 5. Nf3 e6 6. cxd4 d6 7. a3 Bd7 8. Bd3 Bc6 9. 0-0 Nd7 10. b4 a6 11. Qe2 Be7 12. Bd2 Qb6 13. Rc1 Bb5 14. Nc3 Nxc3 15. Rxc3 Bxd3 16. Qxd3 Rd8 17. Qe4 0-0 18. Ng5 Bxg5 19. Bxg5 d5 20. Bxd8 1-0

[Event "FRA-ch Accession"]
[Site "Besancon"]
[Date "2006.08.25"]
[Round "10"]
[White "Khairallah, Faisal"]
[Black "Therkildsen, Thomas"]
[Result "0-1"]
[WhiteElo "2248"]
[BlackElo "2285"]
[PlyCount "100"]
[EventDate "2006.08.15"]
[EventType "swiss"]
[EventRounds "10"]
[EventCountry "FRA"]
[SourceTitle "CBM 113 Extra"]
[Source "ChessBase"]
[SourceDate "2006.09.14"]
[SourceVersion "1"]
[SourceVersionDate "2006.09.14"]
[SourceQuality "1"]

1. Nf3 c5 2. e4 Nc6 3. Nc3 d6 4. g3 g6 5. Bg2 Bg7 6. d3 e6 7. 0-0 Nge7 8. Be3 Nd4 9. Ne1 0-0 10. Nb1 Qb6 11. Bc1 Ne2+ 12. Qxe2 Bxb2 13. Bxb2 Qxb2 14. Nf3 Qxa1 15. c3 b5 16. Qc2 b4 17. Nfd2 Ba6 18. Nb3 Bxd3 19. Qxd3 Qxa2 20. cxb4 cxb4 21. N1d2 Rfd8 22. Nc4 Qa6 23. Ra1 Qb5 24. Ra5 Qd7 25. Ra6 Qb5 26. Ra5 Qd7 27. Ra1 Nc6 28. Rd1 a5 29. Nb6 Ne5 30. Qd4 Qa7 31. Nxa8 Qxd4 32. Rxd4 Rxa8 33. f4 Nc6 34. Rxd6 a4 35. Nd2 b3 36. Rxc6 b2 37. Rb6 a3 38. e5 a2 39. Bxa8 a1Q+ 40. Kg2 Qxa8+ 41. Kh3 Qa1 42. Kg2 Qc1 43. Rb8+ Kg7 44. Rd8 Qd1 45. Rd6 Qe2+ 46. Kh3 h6 47. Rd7 g5 48. Rd8 Kg6 49. Rg8+ Kf5 50. fxg5 Qxd2 0-1

[Event "FRA-ch Accession"]
[Site "Besancon"]
[Date "2006.08.22"]
[Round "7"]
[White "Crouan, Stephane"]
[Black "Therkildsen, Thomas"]
[Result "0-1"]
[WhiteElo "2253"]
[BlackElo "2285"]
[PlyCount "72"]
[EventDate "2006.08.15"]
[EventType "swiss"]
[EventRounds "10"]
[EventCountry "FRA"]
[SourceTitle "CBM 113 Extra"]
[Source "ChessBase"]
[SourceDate "2006.09.14"]
[SourceVersion "1"]
[SourceVersionDate "2006.09.14"]
[SourceQuality "1"]

1. e4 Nf6 2. e5 Nd5 3. d4 d6 4. Nf3 dxe5 5. Nxe5 g6 6. c4 Nf6 7. Nc3 Bg7 8. Be2 c6 9. 0-0 0-0 10. Be3 Nbd7 11. f4 Nb6 12. Rc1 Be6 13. b3 Qb8 14. Bf3 Rd8 15. Qe2 Nfd7 16. Nd3 Nf8 17. Qf2 Nbd7 18. g4 f5 19. h3 Nf6 20. Ne5 N8d7 21. g5 Nxe5 22. fxe5 Ne4 23. Nxe4 fxe4 24. Bxe4 Bxh3 25. Qf7+ Kh8 26. Rf4 Rf8 27. Qxe7 Rxf4 28. Bxf4 Qc8 29. e6 Bxd4+ 30. Kh2 Qxe6 31. Qxb7 Rf8 32. Bf3 Rxf4 33. Qb8+ Kg7 34. Qxf4 Be5 35. Qxe5+ Qxe5+ 36. Kxh3 Qf5+ 0-1

[Event "FRA-ch Accession"]
[Site "Besancon"]
[Date "2006.08.19"]
[Round "5"]
[White "Moussard, Jules"]
[Black "Therkildsen, Thomas"]
[Result "1/2-1/2"]
[WhiteElo "2178"]
[BlackElo "2285"]
[PlyCount "72"]
[EventDate "2006.08.15"]
[EventType "swiss"]
[EventRounds "10"]
[EventCountry "FRA"]
[SourceTitle "CBM 113 Extra"]
[Source "ChessBase"]
[SourceDate "2006.09.14"]
[SourceVersion "1"]
[SourceVersionDate "2006.09.14"]
[SourceQuality "1"]

1. e4 Nf6 2. Nc3 d5 3. exd5 Nxd5 4. Bc4 e6 5. Nf3 Be7 6. 0-0 0-0 7. d4 b6 8. Re1 Bb7 9. Ne4 Nd7 10. c3 c5 11. Bd3 cxd4 12. cxd4 Nb4 13. Bb1 Nf6 14. Nxf6+ Bxf6 15. a3 Nc6 16. Be3 Ne7 17. Ng5 g6 18. Ne4 Bxe4 19. Bxe4 Nd5 20. Bh6 Re8 21. Qd2 Rc8 22. Rac1 Qd6 23. g3 Ne7 24. Be3 Qd7 25. Rc2 Rxc2 26. Bxc2 Qd5 27. Qd3 Rd8 28. Bb3 Qf3 29. Qa6 Nf5 30. Qxa7 Bxd4 31. Bxd4 Rxd4 32. Qxb6 h5 33. Bc2 Nh4 34. gxh4 Qg4+ 35. Kh1 Qf3+ 36. Kg1 Qg4+ 1/2-1/2

[Event "FRA-ch Accession"]
[Site "Besancon"]
[Date "2006.08.16"]
[Round "2"]
[White "Therkildsen, Thomas"]
[Black "Govciyan, Pavel"]
[Result "1-0"]
[WhiteElo "2285"]
[BlackElo "2397"]
[PlyCount "103"]
[EventDate "2006.08.15"]
[EventType "swiss"]
[EventRounds "10"]
[EventCountry "FRA"]
[SourceTitle "CBM 113 Extra"]
[Source "ChessBase"]
[SourceDate "2006.09.14"]
[SourceVersion "1"]
[SourceVersionDate "2006.09.14"]
[SourceQuality "1"]

1. e4 g6 2. d4 Bg7 3. Nc3 c6 4. Bc4 d6 5. Be3 Nf6 6. f3 b5 7. Bd3 Nbd7 8. Qd2 0-0 9. Nge2 Nb6 10. b3 e5 11. a4 b4 12. Nd1 exd4 13. Bxd4 c5 14. Bb2 a5 15. c4 bxc3 16. Ndxc3 Be6 17. Bc2 Ne8 18. Nf4 Rb8 19. Rb1 Nc7 20. 0-0 Qd7 21. Nd1 Na6 22. Bxg7 Kxg7 23. Bd3 c4 24. Qxa5 Qa7 25. Nxe6+ fxe6 26. Be2 Rfc8 27. Kh1 e5 28. bxc4 Nxc4 29. Bxc4 Rxb1 30. Qxa6 Qc5 31. Bb5 Rc7 32. Qa5 Qc1 33. Ne3 Kh6 34. h3 Qc3 35. Qxc3 Rxf1+ 36. Nxf1 Rxc3 37. Nd2 Kg5 38. Nc4 Kf4 39. Kh2 h5 40. h4 Rc2 41. a5 Ra2 42. a6 g5 43. Nb6 gxh4 44. Na4 h3 45. Kxh3 Ra1 46. Kh2 h4 47. a7 h3 48. a8Q hxg2 49. Qf8+ Ke3 50. Kxg2 d5 51. Qh6+ Kd4 52. Qd2# 1-0

[Event "Le Touquet op 20th"]
[Site "Le Touquet"]
[Date "2005.10.25"]
[Round "3"]
[White "Therkildsen, Thomas"]
[Black "Manet, Eric"]
[Result "1-0"]
[WhiteElo "2264"]
[BlackElo "2047"]
[PlyCount "55"]
[EventDate "2005.10.23"]
[EventType "swiss"]
[EventRounds "9"]
[EventCountry "FRA"]
[SourceTitle "EXT 2006"]
[Source "ChessBase"]
[SourceDate "2005.11.24"]
[SourceVersion "1"]
[SourceVersionDate "2005.11.24"]
[SourceQuality "1"]

1. e4 c5 2. c3 d5 3. exd5 Qxd5 4. d4 Nf6 5. Nf3 Bg4 6. Nbd2 Bxf3 7. Nxf3 cxd4 8. Nxd4 e6 9. Be2 Bc5 10. Be3 0-0 11. 0-0 Nbd7 12. Bf3 Qc4 13. Bxb7 Rab8 14. b3 Qxc3 15. Rc1 Qb2 16. Rc2 Qa3 17. Bf3 Bb6 18. Bc1 Qd6 19. Nc6 Qxd1 20. Rxd1 Rbe8 21. Ba3 e5 22. Bxf8 Kxf8 23. Be2 Nc5 24. Kf1 Nce4 25. Bd3 Nc5 26. Bb5 Ra8 27. b4 Nce4 28. Nxe5 1-0

[Event "FRA-ch Accession"]
[Site "Chartres"]
[Date "2005.08.23"]
[Round "7"]
[White "Roos, Louis"]
[Black "Therkildsen, Thomas"]
[Result "1-0"]
[WhiteElo "2334"]
[BlackElo "2264"]
[PlyCount "81"]
[EventDate "2005.08.15"]
[EventType "swiss"]
[EventRounds "10"]
[EventCountry "FRA"]
[SourceTitle "EXT 2006"]
[Source "ChessBase"]
[SourceDate "2005.11.24"]
[SourceVersion "1"]
[SourceVersionDate "2005.11.24"]
[SourceQuality "1"]

1. Nf3 b5 2. e3 a6 3. a4 b4 4. a5 Nf6 5. d4 e6 6. c4 Bb7 7. Nbd2 c5 8. Bd3 d6 9. 0-0 Be7 10. Qc2 0-0 11. Rd1 Nbd7 12. b3 Qc7 13. Bb2 h6 14. Nf1 Rac8 15. Ng3 Rfe8 16. h3 Qb8 17. Qe2 Qa8 18. Ne1 Bf8 19. dxc5 Rxc5 20. e4 Ne5 21. Bc2 Nfd7 22. f4 Nc6 23. Qg4 Qd8 24. Rxd6 g6 25. Rd2 h5 26. Qd1 Ncb8 27. Nf3 Bh6 28. Ne5 Bxf4 29. Nxd7 Bxd2 30. Nf6+ Kf8 31. Qf3 h4 32. Rf1 Re7 33. Qf2 hxg3 34. Qxc5 Bc3 35. Bxc3 bxc3 36. Rd1 Qc7 37. Qg5 Kg7 38. Nh5+ Kh7 39. Nf6+ Kg7 40. Ng4 f5 41. Qh6+ 1-0

[Event "FRA-chT2 0405"]
[Site "France"]
[Date "2005.01.09"]
[Round "6.3"]
[White "Brih, Said"]
[Black "Therkildsen, Thomas"]
[Result "0-1"]
[WhiteElo "2220"]
[BlackElo "2249"]
[PlyCount "56"]
[EventDate "2004.10.10"]
[EventType "team"]
[EventRounds "11"]
[EventCountry "FRA"]
[SourceTitle "EXT 2006"]
[Source "ChessBase"]
[SourceDate "2005.11.24"]
[SourceVersion "1"]
[SourceVersionDate "2005.11.24"]
[SourceQuality "1"]
[WhiteTeam "Creteil  II"]
[BlackTeam "Le Touquet"]
[WhiteTeamCountry "FRA"]
[BlackTeamCountry "FRA"]

1. e4 Nf6 2. e5 Nd5 3. c4 Nb6 4. c5 Nd5 5. Bc4 e6 6. Nc3 d6 7. Qb3 Nxc3 8. dxc3 Nd7 9. exd6 cxd6 10. cxd6 Bxd6 11. Nf3 0-0 12. Be3 Bc5 13. Bg5 Qc7 14. 0-0 Nb6 15. Bd3 Bd7 16. Bh4 Ba4 17. Bg3 Qc8 18. Ng5 Bxb3 19. axb3 h6 20. Ne4 Be7 21. c4 f5 22. Nd6 Qd7 23. c5 f4 24. Bb5 Qc7 25. cxb6 Qxd6 26. Bc4 fxg3 27. hxg3 Qxb6 28. Rae1 Rf6 0-1